| 000 | 00926nam a2200265Ia 4500 | ||
|---|---|---|---|
| 003 | OSt | ||
| 005 | 20220923211349.0 | ||
| 006 | a|||||r|||| 00| 0 | ||
| 007 | ta | ||
| 008 | 220922b |||||||| |||| 00| 0 hin d | ||
| 020 |
_a9788185999791 (hbk) _c595 |
||
| 024 | _a245,358 | ||
| 037 |
_b371, 11/02/2011, Swaraj Prakashan _cTextual |
||
| 040 |
_aARTS _cARTS _bhin |
||
| 041 |
_2hin _ahin |
||
| 082 | _aX.1, 152P9 | ||
| 100 |
_aमिश्र, गिरीश _9156290 |
||
| 245 | 0 |
_aबाजार और समाज _b विविध प्रसंग |
|
| 246 | _aBājār aur samāja: vividh prasanga | ||
| 260 |
_aदिल्ली _b स्वराज प्रकाशन _c2009 |
||
| 300 |
_a288पृ. _ccm. |
||
| 650 | _aअर्थशास्त्र | ||
| 942 |
_hX.1, 152P9 _cTEXL _2CC |
||
| 999 |
_c298806 _d298806 |
||